000 00481nam a2200181Ia 4500
003 GCL
008 140319s9999 xx 000 0 eng d
040 _aGCL /
_cGCL
082 0 4 _a960.007202
_bF A
100 1 _aFALOLA, TOYIN
245 1 0 _aAFRICAN HISTORIOGRAPHY: ESSAYS IN HONOUR OF JACOB ACLE /
_cFALOLA, TOYIN
260 _a[S.N] :
_bLONGMAN ،
_c1993
300 _a244 P
650 0 4 _aHISTORY
650 0 4 _aHISTORIOGRAPHY
650 0 4 _aAFRICA - HISTORY
942 _2ddc
_cBK
999 _c13962
_d13962